000 00276nam a2200133Ia 4500
100 _aSiegal Charles
942 _cBK
654 _aComputer
245 _aMastering Fox Pro 2
260 _bBPB Pub
_aNew Delhi
_c1991
082 _a5.13
_b'F'
546 _aENGLISH
999 _c34367
_d34367